000 01142cam a2200253 4500
008 030901n2002 000 0 eng u
020 _a0852962371
035 _a(Sirsi) u123446
041 _aeng
050 _a621.31042
_c18
100 _aCook, Paul
245 _aCommentary on IEE wiring regulations 16th edition BS 7671: 2001
_brequirements for electrical installations including Amendment no.1: 2002
260 _aLondon
_bInstitution of Electrical Engineers
_c2002
300 _axiv, 418p.
_bill.
_c25cm.
350 _a35
520 _aA complete guide to the latest edition of the "IEE wiring regulations", BS 7671: 2001 including Amendment one. Provides guidance on all aspects of electrical installation design, including the Electricity Safety Quality and Continuity Regulations 2002. Provides relevant formulas, data, installation design calculations and examples. Bibliography.
650 _aBS 7671: 2001
650 _aELECTRICAL INSTALLATIONS
650 _aIEE WIRING REGULATIONS
650 _aELECTRICITY
690 _aBlock management
_96220
710 _aInstitution of Electrical Engineers
_92542
942 _n0
999 _c103047
_d103047